Österreich Tile Select Quiz #2 - Statistiken

Allgemein
  • Dieses Quiz wurde 96 mal gespielt
  • Das Durchschnittsergebnis liegt bei 45 aus 63
Antwortstatistiken
Frage Kachel Select % Korrekt
die höchste Bevölkerung haben (Top 3): Burgenland Nein
96%
eine Hauptstadt, die größer als Wels ist, haben: Wien Ja
96%
die höchste Bevölkerung haben (Top 3): Vorarlberg Nein
95%
die höchste Bevölkerung haben (Top 3): Wien Ja
94%
Berge über 3.000 Metern haben: Wien Nein
94%
einen der 10 größen Seen Österreich nach Fläche haben: Wien Nein
94%
die meisten Gemeinden haben (Top 3): Burgenland Nein
92%
Berge über 3.000 Metern haben: Burgenland Nein
92%
die höchste Bevölkerung haben (Top 3): Kärnten Nein
92%
eine Hauptstadt, die größer als Wels ist, haben: Burgenland Nein
90%
die meisten Gemeinden haben (Top 3): Vorarlberg Nein
90%
die meisten Gemeinden haben (Top 3): Wien Nein
90%
die meisten Gemeinden haben (Top 3): Salzburg Nein
89%
eine Hauptstadt, die größer als Wels ist, haben: Vorarlberg Nein
89%
meisten verschiedenen Autobahnen und Schnellstraßen haben (Top 4): Vorarlberg Nein
89%
die höchste Bevölkerung haben (Top 3): Tirol Nein
88%
Berge über 3.000 Metern haben: Niederösterreich Nein
87%
eine Hauptstadt, die größer als Wels ist, haben: Salzburg Ja
87%
Berge über 3.000 Metern haben: Tirol Ja
86%
die meisten Gemeinden haben (Top 3): Kärnten Nein
85%
die höchste Bevölkerung haben (Top 3): Salzburg Nein
83%
eine Hauptstadt, die größer als Wels ist, haben: Steiermark Ja
83%
die meisten Gemeinden haben (Top 3): Niederösterreich Ja
82%
einen der 10 größen Seen Österreich nach Fläche haben: Niederösterreich Nein
82%
eine Hauptstadt, die größer als Wels ist, haben: Oberösterreich Ja
81%
eine höhere durchschnittliche Gemeindengröße haben als Österreich: Burgenland Nein
79%
die meisten Gemeinden haben (Top 3): Oberösterreich Ja
79%
eine Hauptstadt, die größer als Wels ist, haben: Tirol Ja
79%
die meisten Gemeinden haben (Top 3): Tirol Nein
76%
meisten verschiedenen Autobahnen und Schnellstraßen haben (Top 4): Kärnten Nein
75%
Berge über 3.000 Metern haben: Oberösterreich Nein
74%
einen der 10 größen Seen Österreich nach Fläche haben: Tirol Nein
73%
die höchste Bevölkerung haben (Top 3): Niederösterreich Ja
71%
die meisten Gemeinden haben (Top 3): Steiermark Ja
71%
eine höhere durchschnittliche Gemeindengröße haben als Österreich: Vorarlberg Nein
71%
Berge über 3.000 Metern haben: Salzburg Ja
70%
einen der 10 größen Seen Österreich nach Fläche haben: Steiermark Nein
70%
eine Hauptstadt, die größer als Wels ist, haben: Kärnten Ja
69%
Berge über 3.000 Metern haben: Kärnten Ja
68%
einen der 10 größen Seen Österreich nach Fläche haben: Kärnten Ja
68%
meisten verschiedenen Autobahnen und Schnellstraßen haben (Top 4): Niederösterreich Ja
68%
meisten verschiedenen Autobahnen und Schnellstraßen haben (Top 4): Tirol Nein
65%
eine Hauptstadt, die größer als Wels ist, haben: Niederösterreich Nein
64%
einen der 10 größen Seen Österreich nach Fläche haben: Burgenland Ja
62%
eine höhere durchschnittliche Gemeindengröße haben als Österreich: Oberösterreich Nein
62%
einen der 10 größen Seen Österreich nach Fläche haben: Oberösterreich Ja
62%
eine höhere durchschnittliche Gemeindengröße haben als Österreich: Tirol Nein
61%
Berge über 3.000 Metern haben: Vorarlberg Ja
61%
eine höhere durchschnittliche Gemeindengröße haben als Österreich: Niederösterreich Nein
60%
meisten verschiedenen Autobahnen und Schnellstraßen haben (Top 4): Oberösterreich Ja
60%
Berge über 3.000 Metern haben: Steiermark Nein
60%
einen der 10 größen Seen Österreich nach Fläche haben: Vorarlberg Ja
60%
meisten verschiedenen Autobahnen und Schnellstraßen haben (Top 4): Salzburg Nein
56%
die höchste Bevölkerung haben (Top 3): Steiermark Nein
56%
meisten verschiedenen Autobahnen und Schnellstraßen haben (Top 4): Wien Ja
55%
die höchste Bevölkerung haben (Top 3): Oberösterreich Ja
54%
einen der 10 größen Seen Österreich nach Fläche haben: Salzburg Ja
46%
eine höhere durchschnittliche Gemeindengröße haben als Österreich: Steiermark Ja
43%
meisten verschiedenen Autobahnen und Schnellstraßen haben (Top 4): Steiermark Nein
42%
eine höhere durchschnittliche Gemeindengröße haben als Österreich: Kärnten Ja
38%
eine höhere durchschnittliche Gemeindengröße haben als Österreich: Salzburg Ja
35%
eine höhere durchschnittliche Gemeindengröße haben als Österreich: Wien Ja
32%
meisten verschiedenen Autobahnen und Schnellstraßen haben (Top 4): Burgenland Ja
8%
Keine übereinstimmenden Quizze gefunden
Verteilung der Resultate
Anzahl Personen mit jedem Resultat
Perzentil nach korrekt beantworteten Fragen
Ihre Resultats-Entwicklung
Sie haben dieses Quiz noch nicht gespielt